KATSEYE Era's - Statistics

General Stats
  • This quiz has been taken 73 times
  • The average score is 9 of 21
Answer Stats
Hint Answer % Correct
2025 Gnarly Era
97%
2024 Debut
95%
2025 Gabriela Era
91%
2024 Touch
88%
2026 Internet Girl Era
79%
2023 Dream Academy
72%
2024 SIS Era
57%
2024-2025 Flame Era
55%
2025 Beautiful Chaos Era
50%
2025 Gapseye
36%
2025 Monster High Era
34%
2025 Timelapse Era
31%
2024 Winxeye
17%
2025 BC Tour Era
16%
2025 Katspalooza
9%
2025 Mariah Carey Era
9%
2024 Katsmas
7%
2025 Katsummer
7%
2024-2025 Wigseye Era
5%
2025 European Tour Era
2%
2024 Pre-Debut Era
2%
No matching quizzes found
Score Distribution
Percent of People with Each Score
Percentile by Number Answered
Your Score History
You have not taken this quiz